000
00254nam a2200097Ia 4500
001
795501
005
20250826170729.0
008
250824s9999 xx 000 0 und d
245
0
_a
KUBBE NİN ALTINDA (U1)
_c
STEPHEN KING
260
_b
ALTIN KİTAPLAR YAYINLARI
999
_c
795501
_d
795501